000 00962nam a2200241 a 4500
001 BRCA_4613
005 20190320204733.0
008 270910s1948----enka######---#000-0#eng-#
041 _aeng
044 _aenk
050 4 _aNK3045
_b.I45 1948
245 1 0 _aThe Illustrated London News.
260 _aLondres
_bCommonwealth House
_c1948
300 _a1 v. (en varias paginaciones)
_bil.
_c36 cm.
500 _aVol. 213, No. 5710 septiembre 25, 1948
500 _aNota en portada: véase páginas 354-355 ´An ancien art wich has had a revival in Scotlan: modern tapestry weaving at the dovecote studios´ = Un arte antiguo que ha tenido un renacimiento en Escocia: tapiz tejido en los estudios de palomar
500 _aEstado físico: encuadernación desprendida y deteriorada, páginas sueltas
500 _aRevista inventariada por Banco de México como libro
500 _aD30
650 1 4 _aTapices
_zEscocia
_911678
902 _aGFM
942 _2lcc
_cB
999 _c4318
_d4318